000 00553pab a2200193 454500
008 180718b2005 xxu||||| |||| 00| 0 eng d
100 _aVeeramani, C.
245 _aManufacturing productivity in Indian states: does investment climate matter?
260 _c2005
300 _ap.2413-420.
362 _a11 Jun
650 _aManufacturing industry - India
650 _aInvestment - India
650 _aInvestment
650 _aManufacturing industry
700 _aGoldar, Bishwanath
773 _aEconomic and Political Weekly
909 _a65531
999 _c65531
_d65531